| 000 | 00587nam a22002057a 4500 | ||
|---|---|---|---|
| 999 |
_c6370 _d6370 |
||
| 003 | GBCCL | ||
| 005 | 20241126110601.0 | ||
| 008 | 180511b ||||| |||| 00| 0 eng d | ||
| 040 | _cgbc | ||
| 082 |
_a227.91007 _bGRE |
||
| 100 |
_aGregory, Joel C. _911409 |
||
| 245 |
_aJames: _bFaith works! / _cJoel C. Gregory |
||
| 260 |
_aNashville: _bConvention Press, _c1986 |
||
| 300 |
_a126 p.; _bill., _c20 cm. |
||
| 440 |
_aJanuary Bible Study _98595 |
||
| 650 |
_aBible _vJames _xStudy and teaching _911410 |
||
| 650 |
_aBible _xJames _911411 |
||
| 650 |
_aStudy skills _91844 |
||
| 942 |
_2ddc _cBK _07 |
||